| 000 | 00597nam a2200193 a 4500 | ||
|---|---|---|---|
| 005 | 20240924071347.0 | ||
| 008 | 991125s1980 mad 000 0 spa u | ||
| 020 | _a8427703996 | ||
| 035 | _aUPN01000006319 | ||
| 049 | _aCG | ||
| 050 | 4 |
_aLB1775 _bG6.28 |
|
| 100 | 1 | _aGoble, Norman M. | |
| 245 | 1 | 3 |
_aLa cambiante función del profesor : _bperspectivas internacionales / _cNorman M. Goble, James F. Porter ; tr. Aurora Camero. |
| 260 |
_aMadrid : _bNarcea, _c1980. |
||
| 300 | _a221 p. | ||
| 650 | 4 |
_aMaestros _xFormación profesional _9804 |
|
| 700 | 1 |
_aPorter, James F., _ecoaut. |
|
| 905 | _aLibro | ||
| 999 |
_c6319 _d6319 |
||